El Proceso histórico de la dependencia en Guatemala como causa del subdesarrollo
Tallennettuna:
| Päätekijä: | |
|---|---|
| Aineistotyyppi: | Teksti |
| Julkaistu: |
s.l.e:
INCEP
|
| Tagit: |
Lisää tagi
Ei tageja, Lisää ensimmäinen tagi!
|
MARC
| LEADER | 00000 a a2200000 04500 | ||
|---|---|---|---|
| 001 | 19087 | ||
| 003 | |||
| 040 | |||
| 090 | |a 018300 | ||
| 100 | |a Rodríguez Gálvez, Danilo | ||
| 245 | |a El Proceso histórico de la dependencia en Guatemala como causa del subdesarrollo | ||
| 260 | |a s.l.e: |b INCEP | ||
| 300 | |a 126 p. | ||
| 999 | |c 16479 |d 16479 | ||
